00172nam a2200085Ia 4500008004100000041000800041100001700049245001100066260000900077240521s1999 xx 000 0 und d aeng aPANDEY B. N. aNEHRU. c1999